| 000 | 01189nam a22001817a 4500 | ||
|---|---|---|---|
| 999 |
_c189432 _d189432 |
||
| 005 | 20220701144550.0 | ||
| 010 | _aB-744791 RP Aruna Nagar | ||
| 020 | _c105.00 | ||
| 035 | _aB-744791 | ||
| 037 | _bPansy Books | ||
| 082 | _a344.540419 | ||
| 245 |
_aThe Pre-conception and Pre-natal Diagnostic techniques (Prohibition of Sex Selection) Act,1994: _b(57 of 1994) as amended by The Jammu and Kashmir Reorganisation Act, 2019 (34 of 2019) with The Pre-conception and Pre-natal Diagnostic techniques (Prohibition of Sex Selection) Rules,1996 as amended by Amendment Rules, 2021 ,The Pre-conception and Pre-natal Diagnostic techniques (Prohibition of Sex Selection) (Six Months Training) Rules, 2014 as amended by Amendment Rules, 2020 and Notification / |
||
| 260 |
_aGurgaon _bLexisNexis _c2022 |
||
| 270 |
_a14th Floor, Building No.10, Tower-B, DLF Cyber City, Phase-II _bGurgaon _e122002 _k911244774444 |
||
| 300 |
_aiv,71p. _c23cm(pbk) |
||
| 942 |
_2ddc _cEN _mPRE _h344.540419 |
||